Characterization of a family of disease resistant gene analogues (RGAs) in rubber (Hevea brasiliensis) and their relationship with functional RGAs in response ot Corynespora infection (Record no. 53121)

MARC details
000 -LEADER
fixed length control field 00527nam a2200121Ia 4500
100 ## - MAIN ENTRY--AUTHOR NAME
Personal name Saha T
245 #0 - TITLE STATEMENT
Title Characterization of a family of disease resistant gene analogues (RGAs) in rubber (Hevea brasiliensis) and their relationship with functional RGAs in response ot Corynespora infection
260 ## - PUBLICATION, DISTRIBUTION, ETC. (IMPRINT)
Name of publisher National Symposium on Molecular Approaches for Management of Fungal Diseases of Crop Plants, IIHR, Bangalore
700 ## - ADDED ENTRY--PERSONAL NAME
Personal name Ravindran M
700 ## - ADDED ENTRY--PERSONAL NAME
Personal name Roy C B
942 ## - ADDED ENTRY ELEMENTS (KOHA)
Koha item type Bibliography STAF
Holdings
Withdrawn status Lost status Damaged status Not for loan Home library Current library Date acquired Koha item type
      Bibliography RRII Library RRII Library 09/04/2014 Bibliography STAF